1342 1611 1143 1682 1958 1021 1415 1950 1085 1472 1413 1279 1572 1206 1645 1108 1582 1478 1636 1636 1115 1369 1485 1481 1832 1447 1128 1109 1735 1344 1403 1368 1171 1710 1004 1401 1003 1651 1087 1058 1084 1164 1233 1913 1589 1348 1709 1977 1561 1688 1033 1686 1858 1525 1469 1865 1090 1766 1302 1291 1936 1883 1355 1525 1546 1481 1300 1616 1504 1103 1726 1526 1998 1139 1970 1190 1069 1550 1933 1340 1287 1058 1989 1746 1816 1465 1819 1357 1281 1116 1927 1157 1379 1420 1782 1791 1581 1657 1524 BCNSPRNW ULIB Ver.6.0+V

เปลี่ยนเป็นภาษาไทย

Change to English
 แสดงรายละเอียดบรรณานุกรม
  กลับหน้าหลัก

Brief Record : Get Marc (ISO 2709) : E-mail record : QR code < ปิดหน้าต่าง
LEADER : 00000nam 2200000uu 4500
001    13399126377
003     ULIB
008    180911s2561||||th 000 0 tha d
020    ^a9786164300521
050 00 ^aHF5439.5^bด53ว
100 1  ^aDiaGo, Mentalist
245 10 ^aวิชาอ่านใจให้อีกฝ่ายปฏิเสธไม่ลง /^cMentallist Daigo, เขียน ; ธนัญ พลแสน, แปล
260    ^aกรุงเทพฯ :^bเอ็มไอเอส,^c2561
300    ^a255 หน้า :^bภาพประกอบ
650  4 ^aนักขาย
650  4 ^aการขาย
945    ^p150^l0^i004605
999    ^aวรรณษา ชูชัยมงคล
รายการนี้ยังไม่มีแท็ก
คุณยังไม่ได้ล็อกอิน คุณสามารถมีกิจกรรมร่วมกับเว็บไซต์ได้ แต่ต้องล็อกอินก่อน ::
  ล็อกอิน

รายการสื่อสารสนเทศ

ลำดับที่ ประเภท เลขเรียก/บาร์โค้ด สถานที่ สถานะ
1. การศึกษาทั่วไป
หนังสือสำรอง
สถานะ=หนังสือสำรอง
HF5439.5 ด53ว ฉ.1 
  Barcode: 004605
ห้องสมุดวิทยาเขตสวรรค์ประชารักษ์
►หนังสือทั่วไป
บนชั้น

รายการใกล้เคียง
    ผู้แต่ง [DiaGo, Mentalist]

    หัวเรื่อง [นักขาย]
    หัวเรื่อง [การขาย]

BibComment


ยังไม่เคยถูกคอมเมนท์

คอมเมนท์ทรัพยากรรายการนี้
  คอมเมนท์: วิชาอ่านใจให้อีก..


 Copyright 2026. Bcnsprnw @Library